[Event "Superettan(Rockaden,Sthlm II-Farsta)"]
[Site "?"]
[Date "2022.03.19"]
[Round "5"]
[White "Todorovic, Zoran"]
[Black "Hjelm, Niclas"]
[Result "0-1"]
[WhiteElo "2006"]
[BlackElo "2266"]
[PlyCount "98"]

1. e4 e5 2. Nf3 Nc6 3. d4 exd4 4. Bc4 Nf6 5. e5 Ng4 6. Bxf7+ Kxf7 7. Ng5+ Kg8
8. Qxg4 h6 9. Nf3 d6 10. Qe4 dxe5 11. Nxe5 Qe8 12. f4 Bd6 13. Qd5+ Be6 14. Qe4
Bf7 15. O-O Nxe5 16. fxe5 Qxe5 17. Qxe5 Bxe5 18. Bf4 Bxf4 19. Rxf4 c5 20. Nd2
Bg6 21. Rc1 Kh7 22. b4 cxb4 23. Rxd4 Rhd8 24. Rxd8 Rxd8 25. Nc4 Rc8 26. Ne3 a5
27. Rd1 Bxc2 28. Rd5 b6 29. Rb5 Rc6 30. Kf2 Bd3 31. Rd5 Be4 32. Rd4 Bb1 33. Rd2
Rc3 34. Rb2 Be4 35. Ke2 Kg8 36. g3 Kf7 37. Kd2 Ke6 38. Rb3 Rxb3 39. axb3 Bd5
40. Nc2 Ke5 41. Ke3 Bxb3 42. Ne1 Bc4 43. Nf3+ Kd5 44. Ne1 b3 45. Kd2 Ke4 46.
Kc3 b5 47. Ng2 g5 48. Kd2 b4 49. Ne3 b2 0-1

[Event "Superettan(Schack 08-Upsala)"]
[Site "?"]
[Date "2022.03.19"]
[Round "5"]
[White "Dolata, Henryk"]
[Black "Stenman, Christoffer"]
[Result "1-0"]
[WhiteElo "2078"]
[BlackElo "1966"]
[PlyCount "57"]

1. e4 e6 2. b3 c5 3. Bb2 Nc6 4. Nf3 d6 5. d4 cxd4 6. Nxd4 e5 7. Nf3 Nf6 8. Nbd2
Be7 9. Be2 O-O 10. O-O a6 11. c4 b6 12. Re1 Bb7 13. a3 Qd7 14. Qc2 Nd8 15. b4
Ne6 16. g3 Rac8 17. Qd3 Qc6 18. Bf1 Ng4 19. Rac1 Nh6 20. Bh3 f5 21. exf5 Ng5
22. Bg2 Nxf5 23. c5 dxc5 24. Qb3+ c4 25. Rxc4 Qd5 26. Rxe5 Nxf3+ 27. Bxf3 Qf7
28. Rxf5 Qe6 29. Rxc8 1-0

[Event "Superettan(Kristallen-Rockaden, Umea)"]
[Site "?"]
[Date "2022.03.19"]
[Round "5"]
[White "Isaksson, Henrik"]
[Black "Hedstrom, Johan"]
[Result "1/2-1/2"]
[WhiteElo "2117"]
[BlackElo "2024"]
[PlyCount "30"]

1. e4 c5 2. Nf3 e6 3. d4 cxd4 4. Nxd4 a6 5. Bd3 Nf6 6. O-O Qc7 7. Nc3 Nc6 8.
Be3 h5 9. h3 Bd6 10. Re1 Kf8 11. Nxc6 dxc6 12. Na4 e5 13. Nb6 Rb8 14. Nxc8 Rxc8
15. Qf3 h4 1/2-1/2

[Event "Superettan(Rockaden,Sthlm II-Farsta)"]
[Site "?"]
[Date "2022.03.19"]
[Round "5"]
[White "Lindeman, Sven"]
[Black "Gustafsson, Stefan"]
[Result "1-0"]
[WhiteElo "2154"]
[BlackElo "2022"]
[PlyCount "45"]

1. e4 d6 2. d4 Nf6 3. Nc3 c6 4. Nf3 Qa5 5. Bd2 Bg4 6. h3 Bh5 7. g4 Bg6 8. e5
dxe5 9. Nxe5 Nbd7 10. Nc4 Qc7 11. Qf3 Nd5 12. Nxd5 cxd5 13. Qxd5 e6 14. Qf3 Bd6
15. Nxd6+ Qxd6 16. Bd3 O-O 17. O-O-O Bxd3 18. Qxd3 Rfd8 19. Kb1 a5 20. Bg5 Rdc8
21. h4 a4 22. h5 b5 23. h6 1-0

[Event "Superettan(Schack 08-Upsala)"]
[Site "?"]
[Date "2022.03.19"]
[Round "5"]
[White "Johnorovskij, Jakov"]
[Black "Bernhard, Jonathan"]
[Result "0-1"]
[WhiteElo "1743"]
[BlackElo "1981"]
[PlyCount "94"]
[EventDate "2022.??.??"]

1. d4 d5 2. Bf4 c5 3. e3 Nc6 4. c3 Bf5 5. Bd3 Bxd3 6. Qxd3 e6 7. Nf3 Bd6 8. Bg3
Nf6 9. Nbd2 O-O 10. Ne5 Qc7 11. f4 Ne7 12. Bf2 Rab8 13. h3 b5 14. a3 a5 15. O-O
h5 16. Qe2 g6 17. g4 hxg4 18. hxg4 Kg7 19. Kg2 b4 20. axb4 axb4 21. Bh4 Ne4 22.
Bxe7 Bxe7 23. Nxe4 dxe4 24. g5 bxc3 25. bxc3 cxd4 26. cxd4 Rfc8 27. Rfc1 Qxc1
28. Rxc1 Rxc1 29. Nd7 Rbc8 30. Nc5 Bxc5 31. dxc5 R8xc5 32. Qb2+ R5c3 33. Kg3
R1c2 34. Qa1 Kg8 35. Qa8+ Kh7 36. Qxe4 Re2 37. Kf3 Rcxe3+ 38. Qxe3 Rxe3+ 39.
Kxe3 Kg7 40. Kf3 f6 41. Ke4 Kf7 42. Kd4 fxg5 43. fxg5 Ke8 44. Ke5 Ke7 45. Ke4
Kd6 46. Kd4 e5+ 47. Ke4 Ke6 0-1

[Event "Superettan(Rockaden,Sthlm II-Farsta)"]
[Site "?"]
[Date "2022.03.19"]
[Round "5"]
[White "Ekenberg, Ulf"]
[Black "Wisdahl, Peter"]
[Result "1-0"]
[WhiteElo "2014"]
[BlackElo "2036"]
[PlyCount "87"]

1. e4 c5 2. Nf3 Nc6 3. d4 cxd4 4. Nxd4 Nf6 5. Nc3 d6 6. Bg5 e6 7. Qd2 a6 8.
O-O-O Bd7 9. f4 b5 10. Bxf6 gxf6 11. Kb1 Qb6 12. Nf3 b4 13. Ne2 a5 14. e5 fxe5
15. fxe5 d5 16. Qg5 h5 17. Qf6 Rh6 18. Qf4 a4 19. Ng5 Nxe5 20. Qxe5 f6 21. Qf4
fxg5 22. Qxg5 b3 23. cxb3 axb3 24. a3 Qf2 25. Nd4 Bxa3 26. Be2 Bxb2 27. Rhf1
Bxd4 28. Qg8+ Ke7 29. Qxa8 Rh8 30. Rxf2 Rxa8 31. Rxd4 Ra2 32. Rb4 Ba4 33. Rxa4
Rxa4 34. Bxh5 Rh4 35. g4 Rh3 36. Kb2 e5 37. Bf7 Rc3 38. g5 e4 39. Bh5 Rh3 40.
Bg4 e3 41. Bxh3 exf2 42. Kxb3 Kd6 43. Bf1 Ke5 44. Kc3 1-0

[Event "Superettan(Orgryte-Vasteras II)"]
[Site "?"]
[Date "2022.03.19"]
[Round "5"]
[White "Eriksson, Anders"]
[Black "Olsson, William"]
[Result "1-0"]
[WhiteElo "2233"]
[BlackElo "2316"]
[PlyCount "117"]
[SourceDate "2022.03.28"]

1. Nf3 d5 2. d4 Nf6 3. g3 Bf5 4. Bg2 c6 5. O-O Nbd7 6. b3 h6 7. Bb2 e6 8. c4
Bd6 9. Nfd2 O-O 10. Nc3 Qe7 11. e4 dxe4 12. Ndxe4 Bc7 13. Qc1 Rfc8 14. Ba3 Qd8
15. Nd6 Bxd6 16. Bxd6 Nf8 17. Be5 Ng6 18. Rd1 Qe7 19. Na4 Rd8 20. h3 Nxe5 21.
dxe5 Rxd1+ 22. Qxd1 Rd8 23. Qe2 Nh7 24. Rd1 Rd7 25. g4 Bg6 26. Rxd7 Qxd7 27.
Qe3 h5 28. Nc5 Qd1+ 29. Kh2 b6 30. Nb7 hxg4 31. hxg4 Qxg4 32. Bxc6 Ng5 33. Qg3
Qh5+ 34. Kg2 Bf5 35. Nd6 Bh3+ 36. Kg1 Bg4 37. Kg2 Bh3+ 38. Kg1 Bf5 39. Kg2 Qh6
40. f4 Nh3 41. Kf3 Qh5+ 42. Ke3 Bc2 43. Be4 Bd1 44. Bd3 Kf8 45. Bf1 Bg4 46.
Bxh3 Bxh3 47. Qg5 Qxg5 48. fxg5 Bf5 49. a3 Bc2 50. b4 a6 51. Kd4 Ba4 52. Nc8 b5
53. c5 Ke8 54. c6 Kd8 55. Nd6 Bb3 56. Kc5 Kc7 57. Ne8+ Kd8 58. Nxg7 Bd5 59. Kb6
1-0

[Event "Superettan(SS 4 Springare-Burgsvik)"]
[Site "?"]
[Date "2022.03.19"]
[Round "5"]
[White "Haitin, Ilja"]
[Black "Peng, Li Min"]
[Result "0-1"]
[WhiteElo "2355"]
[BlackElo "2498"]
[PlyCount "72"]

1. d4 d5 2. c4 e6 3. Nc3 a6 4. cxd5 exd5 5. Nf3 h6 6. Bf4 Nf6 7. e3 Bd6 8. Ne5
O-O 9. Bd3 Re8 10. Bg3 c5 11. O-O b5 12. Rc1 Bb7 13. Bb1 c4 14. Qc2 Nc6 15.
Nxd5 Bxe5 16. dxe5 Nxe5 17. Nxf6+ Qxf6 18. Qh7+ Kf8 19. Rcd1 Rad8 20. f3 Ke7
21. Rxd8 Rxd8 22. Be1 Qg5 23. Be4 Qxe3+ 24. Bf2 Bxe4 25. Qxg7 Qg5 26. Qxg5+
hxg5 27. fxe4 Ke6 28. h4 Nd3 29. hxg5 Nxb2 30. Bb6 Rd1 31. Ba5 Rxf1+ 32. Kxf1
Nd3 33. Ke2 Nc1+ 34. Ke3 Nxa2 35. Kd4 Nc1 36. Bb4 Nb3+ 0-1

[Event "Superettan(Orgryte-Vasteras II)"]
[Site "?"]
[Date "2022.03.19"]
[Round "5"]
[White "Torngren, Gustav"]
[Black "Janse, Love"]
[Result "1-0"]
[WhiteElo "2245"]
[BlackElo "2199"]
[PlyCount "67"]

1. Nf3 f5 2. d4 Nf6 3. g3 g6 4. Bg2 Bg7 5. O-O O-O 6. Nbd2 d6 7. Re1 Nc6 8. e4
fxe4 9. Nxe4 Nxe4 10. Rxe4 Bf5 11. Re1 Nb4 12. Nh4 Bxc2 13. Qd2 c5 14. a3 Nd3
15. Bd5+ Kh8 16. Re4 e6 17. Qxc2 exd5 18. Nxg6+ hxg6 19. Rh4+ Qxh4 20. gxh4
Nxf2 21. Qxg6 Bxd4 22. Qh6+ Kg8 23. Qg5+ Kh8 24. Qh5+ Kg8 25. Qg6+ Kh8 26. Qh6+
Kg8 27. Qg5+ Kh8 28. Qh5+ Kg8 29. Kg2 Rae8 30. Bh6 Bg7 31. Rf1 Bxh6 32. Qxh6
Ng4 33. Qg6+ Kh8 34. Qh5+ 1-0

[Event "Superettan(SS 4 Springare-Burgsvik)"]
[Site "?"]
[Date "2022.03.19"]
[Round "5"]
[White "Poley, Vladimir"]
[Black "Krupenski, Juri"]
[Result "1/2-1/2"]
[WhiteElo "2324"]
[BlackElo "2404"]
[PlyCount "75"]

1. Nf3 Nf6 2. g3 d5 3. Bg2 g6 4. b4 Bg7 5. Bb2 O-O 6. O-O c6 7. d3 a5 8. a3
axb4 9. axb4 Rxa1 10. Bxa1 Na6 11. c3 Nd7 12. Nbd2 e5 13. e4 Nb6 14. Re1 Re8
15. Qb1 h6 16. c4 dxc4 17. dxc4 c5 18. b5 Nb4 19. Bc3 Qe7 20. Qb3 Rd8 21. Rb1
Be6 22. Bf1 g5 23. h3 h5 24. Rb2 f6 25. Nb1 Bf8 26. Be1 Qf7 27. Rd2 Ra8 28. Na3
Nc8 29. Rd8 Qe7 30. Rd1 Nd6 31. Nd2 b6 32. Qe3 Qa7 33. Ndb1 Qf7 34. Rc1 Qb7 35.
Bg2 Qf7 36. Bf1 Qb7 37. Bg2 Qf7 38. Bf1 1/2-1/2

[Event "Superettan(Orgryte-Vasteras II)"]
[Site "?"]
[Date "2022.03.19"]
[Round "5"]
[White "Patzelt, Nikolaus"]
[Black "Eksmyr, Johan"]
[Result "1-0"]
[WhiteElo "2113"]
[BlackElo "2171"]
[PlyCount "49"]

1. d4 Nf6 2. c4 g6 3. f3 d5 4. cxd5 Nxd5 5. e4 Nb6 6. Nc3 Bg7 7. Be3 O-O 8. Qd2
Nc6 9. O-O-O a6 10. Kb1 Qd6 11. h4 Rd8 12. d5 Na5 13. Qf2 Nac4 14. Bd4 Qb4 15.
Bxg7 Kxg7 16. Bxc4 Nxc4 17. h5 Rd6 18. Ka1 a5 19. Rc1 Raa6 20. Nd1 Ne5 21. Rxc7
Bd7 22. Ne2 Rab6 23. Qh4 Qd2 24. Qxe7 Nc6 25. Qxd6 1-0

[Event "Superettan(SS 4 Springare-Burgsvik)"]
[Site "?"]
[Date "2022.03.19"]
[Round "5"]
[White "Andersson, Tommy"]
[Black "Jakenberg, Jussi"]
[Result "1/2-1/2"]
[WhiteElo "2380"]
[BlackElo "2113"]
[PlyCount "48"]

1. d4 Nf6 2. c4 e6 3. Nf3 d5 4. Nc3 a6 5. e3 b6 6. Bd3 Bb7 7. O-O Bd6 8. b3
Nbd7 9. Bb2 O-O 10. cxd5 exd5 11. Ne2 Qe7 12. Ng3 g6 13. Rc1 Ne4 14. Qc2 f5 15.
Ne5 Nxg3 16. hxg3 Nxe5 17. dxe5 Bxe5 18. Bxe5 Qxe5 19. Qxc7 Qxc7 20. Rxc7 Rf7
21. Rfc1 Re8 22. b4 Ree7 23. R7c3 Kf8 24. Kf1 Rd7 1/2-1/2

[Event "Superettan(Orgryte-Vasteras II)"]
[Site "?"]
[Date "2022.03.19"]
[Round "5"]
[White "Kumar, Rahul"]
[Black "Landgren, Andreas"]
[Result "1-0"]
[WhiteElo "2184"]
[BlackElo "2195"]
[PlyCount "83"]

1. d4 d5 2. Bf4 Nf6 3. e3 e6 4. Nd2 c5 5. c3 Nc6 6. Bd3 Bd6 7. Bxd6 Qxd6 8. f4
Bd7 9. g3 Ne7 10. Qe2 Qb6 11. Rb1 Nc8 12. Ngf3 Nd6 13. Ne5 Bb5 14. Bxb5+ Nxb5
15. c4 Nd6 16. b4 Nxc4 17. Ndxc4 dxc4 18. dxc5 Qc7 19. Qxc4 O-O 20. Ke2 Nd7 21.
Nxd7 Qxd7 22. Rhd1 Qa4 23. Rd4 Qc6 24. e4 e5 25. Rd6 Qc8 26. f5 Rd8 27. Rbd1
Rxd6 28. Rxd6 g6 29. g4 gxf5 30. gxf5 Qe8 31. f6 h6 32. Qd3 Kh7 33. Kf2 a5 34.
b5 Qc8 35. Qd5 Qe8 36. Rd7 Kg6 37. Re7 Qxb5 38. Qxf7+ Kg5 39. Qg7+ Kf4 40. Qg3+
Kxe4 41. Qxe5+ Kd3 42. Qe2+ 1-0

[Event "Superettan(SS 4 Springare-Burgsvik)"]
[Site "?"]
[Date "2022.03.19"]
[Round "5"]
[White "Zaritovskaja, Margo"]
[Black "Larsson, Victor"]
[Result "0-1"]
[WhiteElo "1999"]
[BlackElo "2193"]
[PlyCount "64"]
[EventDate "2022.??.??"]

1. e4 c5 2. Nf3 Nc6 3. d4 cxd4 4. Nxd4 g6 5. Nc3 Bg7 6. Be3 Nf6 7. Bc4 Qa5 8.
O-O O-O 9. Nb3 Qc7 10. f3 d6 11. Qe2 Ne5 12. Bd3 Be6 13. Nb5 Qb8 14. c4 Rc8 15.
Rac1 Nfd7 16. f4 Nxd3 17. Qxd3 Bxb2 18. Rc2 Bg7 19. Qe2 Nf6 20. Bd4 a6 21. Na3
b5 22. f5 Bxc4 23. Nxc4 bxc4 24. Rxc4 Rxc4 25. Qxc4 Qb5 26. Qc7 Nxe4 27. fxg6
hxg6 28. Qxe7 Bxd4+ 29. Nxd4 Qd5 30. Nb3 Rc8 31. Rf4 Rc1+ 32. Nxc1 Qd4+ 0-1

[Event "Superettan(Orgryte-Vasteras II)"]
[Site "?"]
[Date "2022.03.19"]
[Round "5"]
[White "Nordebrink, Johan"]
[Black "Arnelind, Mikael"]
[Result "1/2-1/2"]
[WhiteElo "2103"]
[BlackElo "2215"]
[PlyCount "98"]

1. e4 e6 2. d3 d5 3. Qe2 Nf6 4. Nd2 Be7 5. Ngf3 O-O 6. g3 c5 7. Bg2 Nc6 8. O-O
Qc7 9. c3 b6 10. e5 Nd7 11. Re1 Ba6 12. c4 Nb4 13. Nf1 dxc4 14. dxc4 Rad8 15.
a3 Nc6 16. b3 Ndb8 17. Bb2 Na5 18. Qc2 Rd7 19. h4 Nbc6 20. Rad1 Rfd8 21. N1d2
h6 22. Bc3 Bb7 23. Rb1 Nd4 24. Nxd4 cxd4 25. Bxa5 Bxg2 26. Kxg2 bxa5 27. Ra1 d3
28. Qd1 Bc5 29. f4 Bd4 30. Ra2 Bc3 31. Qf3 a4 32. bxa4 Qa5 33. Rd1 Qxa4 34. c5
Rd4 35. c6 Ba5 36. Rc1 Rc8 37. Kh3 Bb6 38. h5 Rc7 39. Rc3 Qb5 40. Nb3 Rd5 41.
a4 Qb4 42. Rxd3 Rxd3 43. Qxd3 Rxc6 44. Nd2 Rc8 45. Qe4 Qc3 46. Qb7 Rd8 47. a5
Rxd2 48. Rxd2 Qxd2 49. axb6 axb6 1/2-1/2

[Event "Superettan(SS 4 Springare-Burgsvik)"]
[Site "?"]
[Date "2022.03.19"]
[Round "5"]
[White "Packalen, Marcus"]
[Black "Horta, Hector"]
[Result "1-0"]
[WhiteElo "2119"]
[BlackElo "1901"]
[PlyCount "57"]

1. e4 g6 2. d4 Bg7 3. Nf3 c5 4. Nc3 cxd4 5. Nxd4 Nc6 6. Be3 Nf6 7. Nxc6 bxc6 8.
e5 Ng8 9. f4 Nh6 10. Qf3 Qa5 11. Bc4 f6 12. O-O-O fxe5 13. fxe5 Rf8 14. Qe4 Bb7
15. Kb1 O-O-O 16. Bd2 Qc7 17. Rhe1 Rf5 18. Qh4 Rh5 19. Qxe7 Nf5 20. Qa3 Rxh2
21. Qxa7 Bxe5 22. Na4 Bd4 23. Nc5 Bxc5 24. Qxc5 Rxg2 25. Ba5 Qh2 26. Bxd8 Rxc2
27. Re8 Rxb2+ 28. Ka1 d6 29. Be6+ 1-0

[Event "Superettan(Orgryte-Vasteras II)"]
[Site "?"]
[Date "2022.03.19"]
[Round "5"]
[White "Anderzen, Robert"]
[Black "Adahl, Mattias"]
[Result "1-0"]
[WhiteElo "2099"]
[BlackElo "2086"]
[PlyCount "85"]

1. d4 d5 2. c4 e6 3. Nc3 Nf6 4. Nf3 c6 5. e3 Nbd7 6. Bd3 Bd6 7. O-O O-O 8. e4
dxc4 9. Bxc4 e5 10. Bg5 h6 11. Bh4 Qc7 12. d5 Bb4 13. Qe2 Nh5 14. dxc6 bxc6 15.
a3 Nf4 16. Qc2 Bd6 17. Rfd1 Nb6 18. Bf1 a5 19. Rac1 Ra7 20. Qd2 Bc5 21. Bd8 Qb8
22. Bxb6 Bxb6 23. Na4 Rd7 24. Qc3 Rxd1 25. Rxd1 Bg4 26. Nxb6 Qxb6 27. Qxe5 Bxf3
28. gxf3 Qb3 29. Re1 Ng6 30. Qc3 Qb6 31. e5 Re8 32. Re4 Rd8 33. Bc4 Rd1+ 34.
Kg2 Qd8 35. Rg4 Nh4+ 36. Kh3 g5 37. e6 fxe6 38. Bxe6+ Kh7 39. Bb3 Rd6 40. Bc2+
Ng6 41. Kg2 Rf6 42. Rd4 Rd6 43. Qd3 1-0

[Event "Superettan(SS 4 Springare-Kristallen)"]
[Site "?"]
[Date "2022.03.18"]
[Round "4"]
[White "Naslund, Mikael"]
[Black "Horta, Hector"]
[Result "1-0"]
[WhiteElo "2146"]
[BlackElo "1901"]
[PlyCount "93"]
[EventDate "2022.??.??"]

1. d4 g6 2. c4 Bg7 3. Nc3 c5 4. d5 Nf6 5. e4 d6 6. Nf3 e6 7. h3 exd5 8. cxd5 a6
9. a4 Nbd7 10. Bf4 Qe7 11. Bd3 Nh5 12. Bh2 Ne5 13. Be2 Nxf3+ 14. Bxf3 Nf6 15.
O-O Nd7 16. Bf4 g5 17. Be3 Ne5 18. Be2 Ng6 19. Qd2 h6 20. Rab1 Be5 21. b4 Qf6
22. Rfc1 Nf4 23. Bf1 b6 24. a5 cxb4 25. Rxb4 b5 26. Ne2 Bd7 27. Rbb1 Rc8 28.
Nd4 O-O 29. Nc6 Bxc6 30. dxc6 Ne6 31. Be2 Nd4 32. Bxd4 Bxd4 33. Bg4 Rc7 34. Rb3
Bc5 35. Bd7 Qd4 36. Qe2 Kg7 37. Rd3 Qf6 38. Rf3 Qe7 39. h4 f6 40. Rf5 Bd4 41.
Rd5 Be5 42. g3 Rd8 43. Rcd1 Qf7 44. h5 Kf8 45. Kg2 Ke7 46. Qd3 Rg8 47. Rxe5+
1-0

[Event "Superettan(SK Rockaden,SthlmII-Orgryte)"]
[Site "?"]
[Date "2022.03.18"]
[Round "4"]
[White "Svorono, Gabriel"]
[Black "Virolainen, Victor"]
[Result "0-1"]
[WhiteElo "2073"]
[BlackElo "2150"]
[PlyCount "76"]

1. d4 Nf6 2. c4 g6 3. g3 Bg7 4. Bg2 d6 5. Nc3 O-O 6. Nf3 Nc6 7. O-O a6 8. Qd3
e5 9. d5 Ne7 10. e4 a5 11. b3 Nd7 12. a3 Nc5 13. Qb1 a4 14. b4 Nb3 15. Ra2 c5
16. dxc6 Nxc6 17. Bg5 f6 18. Be3 Be6 19. Nd5 h6 20. Bb6 Qd7 21. Nc7 Rac8 22.
Nxe6 Qxe6 23. Qd3 f5 24. Bh3 Ncd4 25. Bxd4 exd4 26. Rc2 Qxe4 27. Qxe4 fxe4 28.
Bxc8 Rxc8 29. Nd2 Nxd2 30. Rxd2 Rxc4 31. f3 e3 32. Rd3 Kf7 33. Rfd1 Ke6 34. Kf1
Rc2 35. Ke1 Rc4 36. Ke2 b5 37. Ke1 Kf5 38. Ke2 g5 0-1

[Event "Superettan(Upsala-Burgsvik)"]
[Site "?"]
[Date "2022.03.18"]
[Round "4"]
[White "Sittenfeld, Johan"]
[Black "Packalen, Marcus"]
[Result "1/2-1/2"]
[WhiteElo "2128"]
[BlackElo "2119"]
[PlyCount "38"]

1. d4 Nf6 2. c4 e5 3. dxe5 Ng4 4. Bf4 Nc6 5. Nf3 Bb4+ 6. Nbd2 Qe7 7. e3 b6 8.
Be2 Bb7 9. O-O Bxd2 10. Qxd2 Ngxe5 11. Nxe5 Nxe5 12. b4 g5 13. Bg3 h5 14. Qc3
d6 15. c5 h4 16. Bb5+ Kf8 17. Bxe5 Qxe5 18. Rac1 Qxc3 19. Rxc3 dxc5 1/2-1/2

[Event "Superettan(SS 4 Springare-Kristallen)"]
[Site "?"]
[Date "2022.03.18"]
[Round "4"]
[White "Mattsson, Michael"]
[Black "Gamback, Bjorn"]
[Result "1-0"]
[WhiteElo "2059"]
[BlackElo "2092"]
[PlyCount "99"]
[EventDate "2022.??.??"]

1. e4 c5 2. Nf3 e6 3. b3 a6 4. Bb2 Nc6 5. c4 d6 6. d4 cxd4 7. Nxd4 Nf6 8. Nxc6
bxc6 9. e5 Ne4 10. Bd3 Nc5 11. Bc2 Qg5 12. Qf3 Bb7 13. h4 Qh6 14. g4 g5 15.
exd6 Bg7 16. Bxg7 Qxg7 17. Qc3 Rg8 18. Qxg7 Rxg7 19. Nc3 gxh4 20. Rxh4 f5 21.
O-O-O Rxg4 22. Rxg4 fxg4 23. Bxh7 a5 24. Ne4 Nxe4 25. Bxe4 Kd7 26. c5 Rf8 27.
Rd2 Ba6 28. Kc2 Rf4 29. Bxc6+ Kxc6 30. d7 Rf8 31. d8=Q Rxd8 32. Rxd8 Kxc5 33.
Ra8 Kb5 34. Re8 a4 35. Rxe6 axb3+ 36. axb3 Bc8 37. Re5+ Kb4 38. Re4+ Kb5 39.
Kc3 Bd7 40. Re5+ Kb6 41. b4 Bc8 42. Rg5 Ka6 43. Kd4 Kb6 44. Ke3 Bd7 45. Kf4 Ka6
46. Kg3 Kb6 47. Rxg4 Bxg4 48. Kxg4 Kb5 49. Kf5 Kxb4 50. Ke6 1-0

[Event "Superettan(SK Rockaden,SthlmII-Orgryte)"]
[Site "?"]
[Date "2022.03.18"]
[Round "4"]
[White "Anderzen, Robert"]
[Black "Ekenberg, Ulf"]
[Result "1-0"]
[WhiteElo "2099"]
[BlackElo "2014"]
[PlyCount "59"]

1. d4 f5 2. c4 Nf6 3. g3 d6 4. Nf3 c6 5. Bg2 Qc7 6. O-O e5 7. Nc3 Be7 8. b4 Be6
9. d5 cxd5 10. Nxd5 Bxd5 11. cxd5 a5 12. Ng5 Qc4 13. Bd2 axb4 14. Rc1 Qxa2 15.
Rc8+ Bd8 16. Ne6 Kd7 17. Qc1 Nxd5 18. Bxd5 Qxd5 19. Nxd8 Rxd8 20. Qc7+ Ke6 21.
Rxd8 Qxd2 22. Rxb8 Rxb8 23. Qxb8 d5 24. Qxb7 d4 25. Qc6+ Kf7 26. Ra1 h6 27.
Ra7+ Kg8 28. Qe6+ Kh8 29. Ra8+ Kh7 30. Qxf5+ 1-0

[Event "Superettan(Upsala-Burgsvik)"]
[Site "?"]
[Date "2022.03.18"]
[Round "4"]
[White "Fraenkel, Mikael"]
[Black "Bernhard, Jonathan"]
[Result "0-1"]
[WhiteElo "2007"]
[BlackElo "1981"]
[PlyCount "56"]

1. e4 Nc6 2. Nc3 e5 3. f4 exf4 4. Nf3 g5 5. h3 Bg7 6. d4 h6 7. Bc4 Na5 8. Be2
Ne7 9. d5 d6 10. Nd4 c5 11. Bb5+ Bd7 12. Ne6 fxe6 13. dxe6 O-O 14. exd7 a6 15.
Ba4 b5 16. Qxd6 bxa4 17. Nxa4 Rf6 18. Qxc5 Rc6 19. Qf2 Rb8 20. c3 Qxd7 21. O-O
Ng6 22. Bd2 Rd6 23. Nc5 Qc7 24. b4 Nc4 25. Rad1 Rbd8 26. Nb3 Nxd2 27. Rxd2 Rxd2
28. Nxd2 Qxc3 0-1

[Event "Superettan(SS 4 Springare-Kristallen)"]
[Site "?"]
[Date "2022.03.18"]
[Round "4"]
[White "Lindfors, Tom"]
[Black "Savela, Julina"]
[Result "1/2-1/2"]
[WhiteElo "2091"]
[BlackElo "1253"]
[PlyCount "114"]
[EventDate "2022.??.??"]

1. e4 c5 2. Nf3 g6 3. d4 cxd4 4. Nxd4 Bg7 5. Nc3 Nc6 6. Be3 Nf6 7. Bc4 Qa5 8.
O-O O-O 9. h3 d6 10. Bb3 Bd7 11. f4 Rfc8 12. Nf3 h6 13. Qe1 Qh5 14. Nh2 a6 15.
Nd5 Nxd5 16. g4 Qxh3 17. Rf3 Qxf3 18. Nxf3 Nxe3 19. Qxe3 Bxg4 20. c3 b5 21. a3
Na5 22. Bd5 Nc4 23. Bxc4 Rxc4 24. Nd2 Rc6 25. Rf1 a5 26. Rc1 h5 27. Qd3 b4 28.
Nb1 Rc5 29. Rc2 Rac8 30. Rc1 Rc4 31. b3 R4c5 32. c4 h4 33. a4 Kh7 34. Nd2 Rh8
35. Nf1 Kg8 36. Ne3 Be6 37. Nd5 Bxd5 38. exd5 Bf6 39. Kh2 Kf8 40. Qh3 Rc7 41.
Re1 Rh5 42. Qe3 Rc5 43. Kh3 Kg7 44. Rg1 Kf8 45. Rg4 Rf5 46. Qe4 Rc7 47. Kg2 Rc8
48. Qe3 Rc5 49. Qh3 Kg7 50. Kf3 Kf8 51. Ke4 Rc7 52. Rg1 Rc8 53. Qg4 Rc7 54. Rf1
Rc8 55. Qg1 Rc5 56. Rf3 Kg7 57. Rf1 Kf8 1/2-1/2

[Event "Superettan(SK Rockaden,SthlmII-Orgryte)"]
[Site "?"]
[Date "2022.03.18"]
[Round "4"]
[White "Gustafsson, Stefan"]
[Black "Green, Per"]
[Result "0-1"]
[WhiteElo "2022"]
[BlackElo "1946"]
[PlyCount "66"]

1. e4 c5 2. d3 e6 3. c3 d5 4. Qc2 Nc6 5. g3 Nf6 6. Bg2 Be7 7. Nd2 b6 8. Ngf3
O-O 9. O-O Qc7 10. Re1 dxe4 11. dxe4 e5 12. Nf1 Ba6 13. Bg5 h6 14. Bxf6 Bxf6
15. Ne3 Ne7 16. h4 g6 17. Nh2 Rad8 18. Nd5 Nxd5 19. exd5 Bc8 20. Rad1 Bg7 21.
c4 Qd6 22. Qa4 Bd7 23. Qa6 f5 24. a3 e4 25. Rb1 Bd4 26. b4 Qxg3 27. Re2 f4 28.
Kh1 Qd3 29. Rbe1 f3 30. Bxf3 exf3 31. Re7 Bxf2 32. Rf1 Bxh4 33. Re5 Bg3 0-1

[Event "Superettan(SS 4 Springare-Kristallen)"]
[Site "?"]
[Date "2022.03.18"]
[Round "4"]
[White "Poley, Maksim"]
[Black "Hedstrom, Johan"]
[Result "0-1"]
[WhiteElo "368"]
[BlackElo "2024"]
[PlyCount "58"]
[EventDate "2022.??.??"]

1. d4 f5 2. c4 g6 3. Nc3 Nf6 4. Bg5 Bg7 5. f3 d6 6. Bxf6 Bxf6 7. e4 Nc6 8. Nge2
e5 9. d5 Nd4 10. Nxd4 exd4 11. Nb5 fxe4 12. fxe4 Qe7 13. Bd3 c5 14. O-O O-O 15.
Qc2 a6 16. Na3 Bd7 17. Rfe1 Be5 18. g3 h5 19. Qg2 Qg5 20. Nc2 h4 21. gxh4 Qxh4
22. Rf1 Kg7 23. Ne1 Bh3 24. Nf3 Rxf3 25. Qxf3 Bxf1 26. Kxf1 Rf8 27. Qxf8+ Kxf8
28. Ke2 Qxh2+ 29. Ke1 Bg3+ 0-1

[Event "Superettan(Schack 08-Rockaden, Umea)"]
[Site "?"]
[Date "2022.03.18"]
[Round "4"]
[White "Nygren, David"]
[Black "Karlsson, Tomas"]
[Result "0-1"]
[WhiteElo "2182"]
[BlackElo "2314"]
[PlyCount "82"]

1. e4 e6 2. d4 d5 3. Nc3 Bb4 4. e5 c5 5. a3 Bxc3+ 6. bxc3 Ne7 7. a4 Qa5 8. Bd2
Nbc6 9. Nf3 Bd7 10. Bb5 c4 11. O-O h6 12. Qe2 a6 13. Bxc6 Bxc6 14. Rfb1 Ra7 15.
Bc1 Bxa4 16. Ba3 b5 17. Bc5 Ra8 18. Qd2 Qc7 19. g4 O-O 20. g5 h5 21. Rb2 Rfe8
22. Nh4 Ng6 23. Ng2 Nxe5 24. Qf4 Rac8 25. Bb6 Qxb6 26. dxe5 Qd8 27. Nh4 d4 28.
cxd4 c3 29. Rba2 Rc4 30. Nf3 Qd5 31. Rd1 Rb4 32. Ra3 Bxc2 33. Rc1 Rb1 34. Rxb1
Bxb1 35. Rxc3 b4 36. Rc7 Bg6 37. Nh4 Rf8 38. Qd2 b3 39. Qb4 a5 40. Qc3 Qd8 41.
Nf3 b2 0-1

[Event "Superettan(Vasteras II-Helsingborg)"]
[Site "?"]
[Date "2022.03.18"]
[Round "4"]
[White "Kristensen, Kare Hove"]
[Black "Nordebrink, Johan"]
[Result "1/2-1/2"]
[WhiteElo "2307"]
[BlackElo "2103"]
[PlyCount "103"]
[EventDate "2022.??.??"]

1. Nf3 Nf6 2. c4 e6 3. e3 b6 4. Be2 Bb7 5. O-O Be7 6. b3 O-O 7. Bb2 Nc6 8. d4
d5 9. Nbd2 Rc8 10. a3 Bd6 11. Qc2 Nb8 12. c5 Be7 13. b4 c6 14. Qa4 a6 15. cxb6
Nfd7 16. Qc2 Nxb6 17. Nb3 Bd6 18. Nc5 Qe7 19. Ne5 f6 20. Ned3 Rfe8 21. Bh5 Rf8
22. Bg4 f5 23. Be2 Rc7 24. Nxb7 Rxb7 25. Nc5 Ra7 26. Bc3 Rf6 27. g3 Rh6 28. Bd2
g5 29. f4 g4 30. Bd3 N6d7 31. a4 Rg6 32. Nxd7 Qxd7 33. b5 cxb5 34. axb5 Rc7 35.
Qa4 axb5 36. Bxb5 Qc8 37. Ba5 Rc2 38. Bd3 Rc6 39. Bb4 Bc7 40. Bc5 Bb6 41. Bxb6
Rxb6 42. Rfc1 Qd7 43. Qa5 Qb7 44. Rab1 Nd7 45. Rb5 Rxb5 46. Bxb5 Nf8 47. Rc7
Qb8 48. Kf2 Rg7 49. Rxg7+ Kxg7 50. Qb4 Kf7 51. Qc5 Ng6 52. Qc6 1/2-1/2

[Event "Superettan(Schack 08-Rockaden, Umea)"]
[Site "?"]
[Date "2022.03.18"]
[Round "4"]
[White "Nyander, Joakim"]
[Black "Eriksson, Jorgen"]
[Result "1/2-1/2"]
[WhiteElo "2243"]
[BlackElo "2202"]
[PlyCount "51"]

1. Nf3 Nf6 2. c4 g6 3. b3 Bg7 4. Bb2 c5 5. g3 b6 6. Bg2 Bb7 7. O-O O-O 8. d4
cxd4 9. Qxd4 Nc6 10. Qf4 d6 11. Rd1 Qc8 12. Nc3 Nd7 13. Rac1 Nde5 14. Ng5 h6
15. Nge4 Qg4 16. Qd2 Qe6 17. Nd5 Rad8 18. Nec3 Qc8 19. Nf4 Nb4 20. Bh3 Qa8 21.
Nb5 Na6 22. Ba1 Bc8 23. Bg2 Bb7 24. Bh3 Bc8 25. Bg2 Bb7 26. Bh3 1/2-1/2